000 00261nam a2200109Ia 4500
999 _c9766
_d9766
008 220112s9999||||xx |||||||||||||| ||und||
020 _a9789812457639
082 _a720
_bQIA
100 _aQiaoxin Ye; Yuyan Zhang
245 0 _a30 novelty architecture
942 _2ddc